000 00701nam a2200241Ia 4500
003 GCL
008 140319s9999 xx 000 0 ara d
040 _aGCL /
_cGCL
082 0 4 _a415
_bا ا
100 1 _aاحمد ماهر محمود البقرى
245 1 0 _aابن القيم اللغوى /
_cاحمد ماهر محمود البقرى
260 _a[S.N] :
_bمؤسسة شباب الجامعة ،
_c1989
300 _a349 ص
490 _a
650 0 4 _aالنحو
650 0 4 _aالاصوات اللغوية
650 0 4 _aاللغة العربية
650 0 4 _aالصرف
650 0 4 _aالفاظ
650 0 4 _aالصوتيات
650 0 4 _aابن القيم
942 _2ddc
_cBK
999 _c30229
_d30229